000 01002nam a2200265Ii 4500
008 221202s xx 000 0 und d
245 0 _aScience and Technology Governance and Ethics :
_b A Global Perspective from Europe, India and China
264 1 _aCham
_bSpringer Nature
_c2015
300 _a1 online resource
336 _atext
_btxt
_2rdacontent
337 _acomputer
_bc
_2rdamedia
338 _aonline resource
_bcr
_2rdacarrier
520 _aR & D/Technology Policy; Ethics; Food Science; Nanotechnology; Biotechnology
653 _aBiotechnology
653 _aEthics
653 _aFood Science
653 _aNanotechnology
653 _aR & D/Technology Policy
700 1 _aChaturvedi, Sachin
700 1 _aLadikas, Miltos
700 1 _aStemerding, Dirk
700 1 _aZhao, Yandong
856 _uhttps://docs.google.com/spreadsheets/d/1yKIrdCPDAG_9c22mwoOIO2DOhtj65Wqa/edit?usp=sharing&ouid=106555315294820607512&rtpof=true&sd=true
_yList of Curated E-Books
942 _cE-BOOK
999 _c96431
_d96428